000 00305nam a22001457a 4500
008 210519b ||||| |||| 00| 0 eng d
020 _a3540132996
041 _aeng
080 _a004
082 _a004
100 _a28
101 _aSHKI
245 _aLogic Programming
_cJ.W. Lloyd
942 _2udc
_cBK
999 _c57523
_d57523